000 00268nam a2200133Ia 4500
100 _aAdabashev/I
650 _aGeneral
942 _cBK
245 _aGlobal Engineering
260 _bProgress Publishers
_c1966
082 _a620
300 _a237
546 _aENGLISH
999 _c19107
_d19107